Quiz... dalla A alla Z - Statistics

Statistiche generali
  • Questo quiz è stato fatto 128 volte
  • Il punteggio medio è 14 su 26
Statistiche sulle risposte
Definizione Risposta % Corretto
A Primo Paese dell'America del Sud in ordine alfabetico. Argentina
95%
I Il lato più lungo del triangolo rettangolo. Ipotenusa
87%
M Ce l'hanno alcuni cani per non mordere. Museruola
85%
N Può essere "di seppia" o "d'Avola". Nero
84%
E Tratto che unisce la faringe alla bocca dello stomaco. Esofago
83%
H La Clinton ex First Lady americana. Hillary
81%
J La principessa di "Aladdin". Jasmine
80%
C La versi all'albergo come garanzia. Caparra
76%
B Elemento con simbolo chimico Be. Berillio
72%
S Parlare come faceva un uomo con i cavalli in un famoso film. Sussurrare
69%
K Giacca a vento. K-way
66%
F Finnico. Finlandese
61%
U Cantante il cui nome anagrafico è Niccolò Moriconi. Ultimo
60%
Y Dinosauro verde amico di Super Mario nel videogioco. Yoshi
55%
P Quello di Kyoto del 1997 è a tema ambientale. Protocollo
52%
Z Tipo di pasta simile ai bucatini e ai rigatoni. Ziti
49%
O Marsupiale americano. Opossum
43%
L La città italiana in cui ha sede la squadra di calcio ASD Fanfulla. Lodi
38%
R La città di Babbo Natale. Rovaniemi
31%
X Lo "zucchero" delle gomme da masticare e delle caramelle. Xilitolo
31%
V Il fiume più lungo dell'Italia meridionale. Volturno
22%
D Famoso ballo delle Gemelle Kessler. Da-da-un-pa
20%
Q Seguaci del movimento cristiano puritano fondato nel XVII secolo in Inghilterra da George Fox. Quaccheri
19%
W Wim, regista de "Il cielo sopra Berlino". Wenders
11%
G Rastrelliera sovrastante la mangiatoia. Greppia
6%
T Colonna architettonica, corrispondente maschile della cariatide. Telamone
5%
Nessun quiz corrispondente trovato
Distribuzione punteggi
Percentuale di utenti per punteggio
Percentile per numero di risposta
I tuoi punteggi nel tempo
Non hai fatto questo quiz